Examen de ingenios para las ciencias

Gespeichert in:
Bibliographische Detailangaben
1. Verfasser: Huarte de San Juan, Juan
Format: Buch
Sprache:Spanisch
Veröffentlicht: Madrid, España Nacional 1976
Schriftenreihe:Biblioteca de la Literatura y el Pensamiento Hispánicos
Schlagworte:
Tags: Tag hinzufügen
Keine Tags, Fügen Sie den ersten Tag hinzu!

MARC

LEADER 00000nam a2200000 a 4500
001 UCO4737
003 CL-VaPUC
005 20210506001550.0
008 000811e19760000SP |||||||||||||||||spa|d
040 |c Pontificia Universidad Católica de Valparaíso 
082 0 4 |a 501 HUA 1976  |2 21 
100 |a  Huarte de San Juan, Juan  |9 400 
245 1 0 |a Examen de ingenios para las ciencias 
260 |a Madrid, España  |b Nacional  |c 1976 
300 |a 456 páginas  
440 |a Biblioteca de la Literatura y el Pensamiento Hispánicos  |9 860835 
583 |a last modification  |c 20000811 00:00:00  |k Rodrigo Vera 
650 0 |a Ciencia  |9 255691 
650 0 |a Filosofía de las ciencias  |9 256466 
650 0 |a Filosofía española   |9 254895 
942 |c BK  |2 ddc 
945 |d 20000811 00:00:00  |a crobeson 
999 |c 290736  |d 290734 
952 |0 0  |1 0  |2 ddc  |4 0  |7 0  |9 1602  |a BIBEDU  |b BIBEDU  |d 2019-09-12  |e 2  |g 7904.00  |r 2019-09-12  |t 1  |v 7904.00  |w 2019-09-12  |y BK 
952 |0 0  |1 0  |4 0  |6 501_000000000000000_HUA_1976  |7 0  |8 A  |9 340301  |a BIBART  |b BIBART  |d 2019-11-20  |i 1215280  |o 501 HUA 1976  |p 1215280  |r 2025-03-13  |w 2019-11-20  |y BK  |k ART